000 00954nam a22003017a 4500
003 CHAP
005 20220329140013.0
008 971013s r 00010 d
010 _a45378
011 _a46350
035 _a50491
040 _cCHAP
090 _aR-1713
100 0 0 _aTerman, G. L.
_9112358
245 _aYields and protein content of wheat grain as affected by cultivar
500 _aSobretiro de : Agronomy Journal 71:437-440, 1979
590 _aBATCH-UPD
_b10
_c20130110
_lUCH01
_h1413
590 _aBATCH-UPD
_b10
_c20130410
_lUCH01
_h0858
590 _aBATCH-UPD
_b10
_c20130914
_lUCH01
_h1839
590 _aCONVERSION
_b10
_c20130109
_lUCH01
_h1325
650 1 4 _aNitrógeno
_xEfecto en trigo.
_981467
650 1 4 _aTrigo
_xEfecto del medio ambiente.
_9115015
650 1 4 _aTrigo
_xProteínas.
_9115086
650 1 4 _aTrigo
_xRendimiento.
_9115092
901 _aBK
942 _cREIMP
949 _aR-1713
_bBC
_cR
_d-113432
_eTS1
_i50491
_si
999 _c45378
_d45378